| Поле | Инд. | ПП | Название | Значение |
|---|---|---|---|---|
| Тип записи | a | |||
| Библиографический уровень | m | |||
| 001 | Контрольный номер | RU/IS/BASE/435423577 | ||
| 005 | Дата корректировки | 20140116145645.5 | ||
| 040 | a | Служба первич. каталог. | НБ ТвГУ | |
| 041 | a | Код языка текста | rus | |
| 080 | a | Индекс УДК | 811.112.2'367.625(043.3) | |
| 084 | a | Индекс другой классификации/Индекс ББК | Ш143.24-212.5я031 | |
| 090 | a | Полочн. индекс | Ш143.24 | |
| x | Авторский знак | И 78 | ||
| 100 | 1_ | a | Автор | Иргашев Гани |
| q | Полное имя | Иргашев Г. | ||
| 245 | 10 | a | Заглавие | Семантическая структура, валентность и сочетаемость глаголов движения genen и kommen в современном немецком языке |
| b | Продолж. заглавия | дис. ... к.ф.н. : 10.02.04 | ||
| c | Ответственность | Самарк. гос. ун-т им. А. Навои | ||
| 260 | 0_ | a | Место издания | Самарканд |
| c | Дата издания | 1984 | ||
| b | Издательство | Самаркандский государственный университет | ||
| 300 | a | Объем | 158 с. | |
| 500 | a | Примечание | На правах рукоп. | |
| 502 | a | Примечание о диссертации | Дис. (канд.) - Самаркандский государственный университет, 1984 | |
| 504 | a | Библиография | Библиогр.: с. 135-158 | |
| 653 | a | Ключевые слова | Глагол в немецком языке | |
| a | Ключевые слова | Глаголы движения | ||
| a | Ключевые слова | Грамматика | ||
| a | Ключевые слова | Грамматика немецкого языка | ||
| a | Ключевые слова | Диссертации | ||
| a | Ключевые слова | Немецкий язык | ||
| a | Ключевые слова | Части речи | ||
| 901 | t | Тип документа | m | |
| 920 | a | Оператор | Аге | |
| a | Оператор | Густ | ||
| a | Оператор | Семен | ||
| 952 | c | Вид литературы | Дис н | |
| 954 | a | Дата поступления на обработку | 20131018 | |
| b | Дата поступления в ОК | 20140117ред |